000 00969nam a2200277 4500
001 0000015255
003 CO-CtgCURN
005 20250331184729.0
007 ta
008 160627s1994 nyu 000 0 eng d
020 _a0194335658
040 _aCO-CtgCURN
_bspa
_ccoctgcurn
082 0 _a428.077
_bJ559
100 1 _aJohn , Liz Soars.
245 1 0 _aHeadway teachers book advanced /
_cSoars John , Liz.
260 _aNew York :
_bOsford University Press,
_c1994.
300 _aiv, 97 p.
336 _2rdacontent
337 _2rdamedia
_asin mediacion
_bn
338 _2rdacarrier
_avolumen
_bnc
505 8 _aOrientation.--What makes a good languaje learner.--The best days your life.--Literature.--What is normal.--Fron the cradle to the grave.--War and peace.--A sence of taste.--Teachers book
650 1 4 _aIngles.
908 _a160627
942 _cBK
_h428.077
_iJ559
_2ddc
999 _c20638
_d20638